000 01569cam a2200373 i 4500
003 SA-RiAUC
005 20251103124921.0
008 251006s2004 qa g b f00000 ara c
020 _a9992148799
020 _a9992148799
040 _aSA-JeALM
_bara
_cSA-RiAUC
_erda
050 4 _bH46 2004
050 _b. H56 2004.
050 4 _b.H56 2004
050 1 4 _b.H56 2004
082 0 4 _a379
_qSA-RiAUC
090 _a379
_bهـ ن د
100 1 _aالهنداوي، حسن بن إبراهيم
_eمؤلف.
245 1 2 _aالتعليم وإشكالية التنمية /
_cحسن بن إبراهيم الهنداوي.
250 _aالطبعة الأولى.
264 1 _aالدوحة :
_bوزارة الأوقاف والشؤون الإسلامية،
_c2004
300 _a176 صفحة ؛
_c20 سم.
336 _aنص
_btxt
_2rdacontent
_3كتاب
337 _aبدون وسيط
_bn
_2rdamedia
338 _aمجلد
_bnc
_2rdacarrier
490 1 _aكتاب الأمة / وزارة الشؤون الإسلامية والأوقاف، قطر ؛
_v98
500 _aإهداء من المؤلف حسن بن إبراهيم الهنداوي.
504 _aيشتمل على إرجاعات ببليوجرافية.
650 7 _aالتعليم
_xجوانب اقتصادية
_2aucsh
650 7 _aالتعليم
_xجوانب اجتماعية
_2aucsh
830 0 _aكتاب الأمة (قطر. وزارة الأوقاف والشؤون الإسلامية)
_v98
942 _2ddc
_cBOOK
_n0
949 _aSA-JeALM
_d251006
_umohamedma123
_n1
999 _c12976
_d12976